Tramlinien Zürich #1 - Statistiken

Allgemein
  • Dieses Quiz wurde 70 mal gespielt
  • Das Durchschnittsergebnis liegt bei 41 aus 92
Antwortstatistiken
Linie Haltestelle % Korrekt
4 Bahnhofquai/HB
86%
3 Bahnhofplatz/HB
84%
4 Sihlquai/HB
84%
3 Central
82%
4 Central
82%
2 Bellevue
78%
4 Bellevue
78%
5 Bellevue
78%
3 Sihlpost/HB
78%
2 Stauffacher
76%
3 Stauffacher
76%
3 Kunsthaus
73%
5 Kunsthaus
73%
2 Bürkliplatz
69%
5 Bürkliplatz
69%
2 Kalkbreite/Bahnhof Wiedikon
67%
3 Kalkbreite/Bahnhof Wiedikon
67%
2 Paradeplatz
65%
2 Albisriederplatz
59%
3 Albisriederplatz
59%
5 Bahnhof Enge
59%
5 Bahnhof Enge/Bederstrasse
59%
2 Bahnhof Tiefenbrunnen
59%
4 Bahnhof Tiefenbrunnen
59%
3 Albisrieden
57%
4 Escher-Wyss-Platz
57%
2 Letzigrund
57%
5 Kirche Fluntern
55%
3 Klusplatz
55%
2 Opernhaus
55%
4 Opernhaus
55%
4 Limmatplatz
53%
4 Museum für Gestaltung
53%
2 Kantonalbank
51%
3 Löwenplatz
51%
2 Schlieren, Geissweid
51%
3 Römerhof
49%
3 Siemens
47%
2 Bezirksgebäude
45%
3 Bezirksgebäude
45%
5 Kantonsschule
45%
2 Lochergut
45%
3 Lochergut
45%
4 Löwenbräu
43%
4 Rathaus
43%
5 Rentenanstalt
43%
4 Bahnhof Altstetten Nord
41%
3 Hubertus
41%
5 Sihlcity Nord
41%
4 Toni Areal
41%
5 Platte
39%
4 Schiffbau
39%
2 Zypressenstrasse
39%
3 Zypressenstrasse
39%
5 Laubegg
37%
2 Lindenplatz
37%
5 Saalsporthalle
37%
2 Sihlstrasse
37%
5 Voltastrasse
37%
3 Altes Krematorium
35%
4 Helmhaus
35%
2 Kappeli
35%
2 Micafil
35%
4 Rudolf-Brun-Brücke
35%
2 Höschgasse
33%
4 Höschgasse
33%
3 Neumarkt
33%
4 Technopark
33%
5 Waffenplatzstrasse
33%
2 Farbhof
31%
2 Schlieren, Gasometerbrücke
31%
2 Schlieren, Zentrum/Bahnhof
29%
2 Freihofstrasse
27%
3 Hottingerplatz
27%
4 Quellenstrasse
27%
2 Kreuzstrasse
24%
4 Kreuzstrasse
24%
4 Sportweg
24%
4 Aargauerstrasse
22%
2 Schlieren, Wagonsfabrik
22%
2 Bachmattstrasse
20%
2 Grimselstrasse
18%
2 Feldeggstrasse
16%
4 Feldeggstrasse
16%
3 Fellenbergstrasse
16%
2 Schlieren, Mülligen
16%
2 Fröhlichstrasse
14%
4 Fröhlichstrasse
14%
4 Würzgraben
14%
3 Hölderlinstrasse
12%
2 Wildbachstrasse
12%
4 Wildbachstrasse
12%
Keine übereinstimmenden Quizze gefunden
Verteilung der Resultate
Anzahl Personen mit jedem Resultat
Perzentil nach korrekt beantworteten Fragen
Ihre Resultats-Entwicklung
Sie haben dieses Quiz noch nicht gespielt